| 000 | 00585nam a2200181Ia 4500 | ||
|---|---|---|---|
| 003 | GCL | ||
| 008 | 140319s9999 xx 000 0 ara d | ||
| 020 | _a1171505977 | ||
| 040 |
_aGCL / _cGCL |
||
| 082 | 0 | 4 |
_a616.9792 _bم ا |
| 100 | 1 | _aمحمد مدحت جابر | |
| 245 | 1 | 0 |
_aالابعاد الجغرافية لمرض الايدز فى العالم / _cمحمد مدحت جابر |
| 260 |
_aالقاهرة : _bمكتبة الانجلوالمصرية ، _c1999 |
||
| 300 |
_a224 ص ؛ _c24 سم |
||
| 650 | 0 | 4 | _aالايدز |
| 650 | 0 | 4 | _aالدم - امراض |
| 942 |
_2ddc _cBK |
||
| 999 |
_c1375 _d1375 |
||